Carta a los Romanos

Gardado en:
Detalles Bibliográficos
Autor Principal: Barth, Karl (Author)
Formato: Libro
Idioma:Lingua castelá
Publicado: Madrid Biblioteca de Autores Cristianos 2016
Edición:1a. ed
Subjects:
Tags: Engadir etiqueta
Sen Etiquetas, Sexa o primeiro en etiquetar este rexistro!

MARC

LEADER 00000cam a2200000 a 4500
001 UCC0972
003 CL-VaPUC
008 170915e20160000sp |||||||||||||||||spa|d
020 |a 9788422015918 
082 0 4 |a 227.1  |b BAR  |2 21 
100 0 |a Barth, Karl  |e author  |9 348195 
245 1 0 |a Carta a los Romanos 
250 |a 1a. ed 
300 |a 614 p 
942 |c BK 
945 |d 20170915 11:20:00  |a arojas 
260 |a Madrid  |b Biblioteca de Autores Cristianos  |c 2016 
650 0 |a Epístolas  |9 321181 
650 0 |a Nuevo testamento  |9 257604 
583 |a last modification  |c 20170915 11:20:00  |k Rodrigo Vera 
999 |c 369586  |d 369584 
952 |0 0  |1 0  |3 erb  |4 0  |6 227_100000000000000_BAR_2016  |7 0  |8 A  |9 485507  |a BIBTEO  |b BIBTEO  |i 5424348  |o 227.1 BAR 2016  |p 5424348  |r 2025-01-17  |w 2019-11-24  |y BK  |z Catalogado en:20170915  |k ICR 
952 |0 0  |1 0  |3 erb  |4 0  |6 227_100000000000000_BAR_2016  |7 0  |8 A  |9 485508  |a BIBTEO  |b BIBTEO  |i 5459133  |l 2  |m 5  |o 227.1 BAR 2016  |p 5459133  |r 2025-01-17  |s 2024-09-27  |w 2019-11-24  |y BK  |z Catalogado en:20180323  |k ICR